000 01231ngm a2200217 a 4500
005 20240823063821.0
008 051201s1994 mx 113 aaspa d
035 _aUPN01000141326
049 _aAV
050 4 _aPVI BF 1326
245 0 0 _aMr. Jones :
_bun irresistible seductor /
_cprod. Rastar ; dir. Mike Figgis.
260 _aEstados Unidos :
_bColumbia Tristar Pictures :
_bVideo Visa,
_c1994.
300 _a1 videocasete (VHS) (113 min.) :
_bson., col.
500 _aSubtitulada en español
520 _aUn hombre que padece trastornos de conducta, sin embargo es impulsivo, irresponsable, irresistible; es un hombre que, sin proponérselo, atrae a la gente con su carisma y su extraordinaria energía. Pero con esa misma facilidad cae en largos periodos de depresión y desesperanza. Su psiquiatra es inteligente, dedicada y reconocida, sin embargo su largo entrenamiento no la ha preparado para enfrentarse al Sr. Jones. El la reta, la intriga, le desnuda el corazón y sin darse cuenta se encuentra arriesgando su carrera por él
511 1 _aRichard Gere, Lena Olin
650 4 _aConducta (Psicología)
_94460
650 0 _aRelación hombre-mujer
_91566
700 1 _aFiggis, Mike,
_edir.
905 _aAudiovisuales
999 _c113473
_d113473